Statistics for Name all BlackPink solo songs By:Max

Click here to take the quiz!

General Stats

  • This quiz has been taken 84 times
    (75 since last reset)
  • The average score is 8 of 9

Answer Stats

HintsAnswers% Correct
JisooFlower
100%
LisaMoney
99%
JennieSolo
99%
LisaLalisa
97%
RoseGone
96%
RoseOn the ground
94%
JennieYou and me
88%
JisooAll eyes on me
84%
RoseHard to love
71%

Score Distribution

Percentile by Number Answered

Percent of People with Each Score

Your Score History

You have not taken this quiz since the last reset